Global fine art market tumbles (Record no. 73432)
[ view plain ]
| 000 -LEADER | |
|---|---|
| fixed length control field | 00969cam a2200217 4500 |
| 001 - CONTROL NUMBER | |
| control field | WB3935-01 |
| 008 - FIXED-LENGTH DATA ELEMENTS--GENERAL INFORMATION | |
| fixed length control field | 030918n2003 000 0 eng u |
| 035 ## - SYSTEM CONTROL NUMBER | |
| System control number | (Sirsi) u123658 |
| 245 ## - TITLE STATEMENT | |
| Title | Global fine art market tumbles |
| 260 ## - PUBLICATION, DISTRIBUTION, ETC. | |
| Date of publication, distribution, etc. | 2003 |
| 490 ## - SERIES STATEMENT | |
| Series statement | Antiques Trade Gazette |
| Volume/sequential designation | (1606) 20 September 2003, 1(1) |
| 520 ## - SUMMARY, ETC. | |
| Summary, etc. | Two leading market trackers' figures show that turnover and the number of fine art items offered at auction have fallen dramatically this year. Both British-based Art Sales Index and French-based Artprice.com show huge drops in prices for catalogued sales and turnover, particularly compared to 2000. Art Sales Index, http://www.art-sales-index.com/system/index.html and Artprice.com, http://www.artprice.com/. |
| 590 ## - LOCAL NOTE (RLIN) | |
| Local note | WB |
| 650 ## - SUBJECT ADDED ENTRY--TOPICAL TERM | |
| Topical term or geographic name entry element | FINE ART MARKET |
| 650 ## - SUBJECT ADDED ENTRY--TOPICAL TERM | |
| Topical term or geographic name entry element | Auctioneering |
| 9 (RLIN) | 6218 |
| 650 ## - SUBJECT ADDED ENTRY--TOPICAL TERM | |
| Topical term or geographic name entry element | ART SALES |
| 650 ## - SUBJECT ADDED ENTRY--TOPICAL TERM | |
| Topical term or geographic name entry element | ART SALES INDEX |
| 650 ## - SUBJECT ADDED ENTRY--TOPICAL TERM | |
| Topical term or geographic name entry element | INTERNATIONAL MARKETS |
| 690 ## - LOCAL SUBJECT ADDED ENTRY--TOPICAL TERM (OCLC, RLIN) | |
| Topical term or geographic name as entry element | Arts and antiques |
| 9 (RLIN) | 6217 |
| 942 ## - ADDED ENTRY ELEMENTS (KOHA) | |
| Suppress in OPAC | 0 |
| Withdrawn status | Lost status | Source of classification or shelving scheme | Damaged status | Not for loan | Home library | Current library | Shelving location | Date acquired | Total Checkouts | Full call number | Barcode | Date last seen | Copy number | Price effective from | Koha item type |
|---|---|---|---|---|---|---|---|---|---|---|---|---|---|---|---|
| Dewey Decimal Classification | London | London | News article | 18/09/2003 | WB3935-01 | 123658-1001 | 06/08/2019 | 1 | 06/08/2019 | News article |